Country Chain – 8 Letters - Statistics

General Stats
  • This quiz has been taken 12 times
  • The average score is 5 of 7
Answer Stats
Answer % Correct
Malaysia
91%
Thailand
91%
Cambodia
82%
Botswana
64%
Ethiopia
64%
Zimbabwe
55%
Djibouti
45%
No matching quizzes found
Score Distribution
Percent of People with Each Score
Percentile by Number Answered
Your Score History
You have not taken this quiz